000
00298nam a2200109Ia 4500
008
210430s9999 xx 000 0 und d
082
_a
485 L1921E
100
_a
P.L lakhanpal
_9
54627
245
_a
Essential Documents and Notes on Kashmir Dispute
_c
P.L lakhanpal
300
_a
272
942
_c
BK
_2
ddc
999
_c
565264
_d
565264